Open Data Biblioteca Nacional de Portugal


República Portuguesa: Ministério da Cultura
Biblioteca Nacional de Portugal

Catálogo da BNP: acesso por Identificadores Unívocos
Registos Bibliográficos associados ao registo de autoridade

Etiqueta de registo: 00254nam 2200025 450
001 2288114
003 http://id.bnportugal.gov.pt/bib/catbnp/2288114
010 ## $a978-989-33-9256-0
021 ## $aPT$b559483/26
100 ## $a20260617d2026 m y0pory01030103ba
101 0# $apor
102 ## $aPT
105 ## $aa b 000yy
106 ## $ar
200 1# $aHenrique Botelho$emeia vida$ffot. Henrique Botelho$gpref. Teresa Siza$gtextos Alfredo Cunha... [et al.]$grev. de texto Virgínia Capoto
205 ## $a1ª ed
210 #9 $a[S.l.]$cDST group,$d2026
215 ## $a[158] p.$cil.$d30 cm
701 #1 $aCunha,$bAlfredo,$f1953-$4070$342159
702 #1 $aBotelho,$bHenrique,$f1956-2024$4040$32000914
702 #1 $aSiza,$bTeresa,$f1948-$4080$373601
702 #1 $aCapoto,$bVirgínia$4640$31841751
801 #0 $aPT$bBN$gRPC
966 ## $lBN$mFGMON$x1
966 ## $lBN$mFGMON$x1
971 ## $cjbeatriz$d20260617

OpendataBNP@bnportugal.pt | Mais informação sobre acesso aos dados BNP